Fußballmannschaften die Felix Magath trainiert hat - Statistiken

Allgemein
  • Dieses Quiz wurde 107 mal gespielt
  • Das Durchschnittsergebnis liegt bei 9 aus 12
Antwortstatistiken
Amtszeit Spiele PPS Antwort % Korrekt
01.07.04 bis 31.01.07 131 2,13 FC Bayern München
97%
18.03.11 bis 25.10.12 52 1,23 VfL Wolfsburg
95%
15.06.07 bis 30.06.09 85 1,86 VfL Wolfsburg
95%
06.10.95 bis 18.05.97 69 1,49 Hamburger SV
92%
24.02.01 bis 22.05.04 147 1,73 VfB Stuttgart
89%
01.07.09 bis 16.03.11 79 1,80 FC Schalke 04
85%
14.03.22 bis 30.06.22 9 1,11 Hertha BSC
84%
22.10.98 bis 08.05.99 26 1,31 SV Werder Bremen
70%
27.12.99 bis 29.01.01 37 1,35 SG Eintracht Frankfurt
61%
01.09.97 bis 30.06.98 29 1,93 1.FC Nürnberg
55%
14.02.14 bis 18.09.14 20 0,80 FC Fulham
38%
08.06.16 bis 01.12.17 55 1,49 SD Luneng
7%
Keine übereinstimmenden Quizze gefunden
Verteilung der Resultate
Anzahl Personen mit jedem Resultat
Perzentil nach korrekt beantworteten Fragen
Ihre Resultats-Entwicklung
Sie haben dieses Quiz noch nicht gespielt